FCS Teams by Logo - Statistics

General Stats
  • This quiz has been taken 241 times
    103 since last reset
  • The average score is 96 of 129
Answer Stats
Picture Answer % Correct
Alcorn State
98%
Brown
98%
Dayton
98%
Drake
98%
Harvard
98%
Mcneese
98%
North Dakota
98%
North Dakota State
98%
Stephen F. Austin
98%
Eastern Washington
96%
Elon
96%
Holy Cross
96%
Long Island
96%
Montana
96%
Montana State
96%
Princeton
96%
South Dakota
96%
Duquesne
93%
Furman
93%
Georgetown
93%
Grambling State
93%
Richmond
93%
South Dakota State
93%
Alabama A&M
91%
Austin Peay
91%
Butler
91%
Cornell
91%
Florida A&M
91%
Idaho
91%
Lehigh
91%
Rhode Island
91%
Sacramento State
91%
Tennessee State
91%
Yale
91%
Cal Poly
89%
Dartmouth
89%
Fordham
89%
Indiana State
89%
Jackson State
89%
Penn
89%
Villanova
89%
Chattanooga
87%
Howard
87%
Southern
87%
Campbell
84%
Citadel
84%
Colgate
84%
Illinois State
84%
Mercer
84%
Alabama State
82%
Portland State
82%
William & Mary
82%
Columbia
80%
Gardner-Webb
80%
Incarnate Word
80%
Murray State
80%
Northern Arizona
80%
Central Arkansas
78%
Maine
78%
Norfolk State
78%
Northern Iowa
78%
Albany
76%
Bryant
76%
San Diego
76%
Stetson
76%
Weber State
76%
Abilene Christian
73%
Delaware State
73%
Eastern Illinois
73%
Morehead State
73%
UT Rio Grande Valley
73%
Wofford
73%
Youngstown State
73%
Idaho State
71%
Monmouth
71%
Nicholls
71%
Prairie View A&M
71%
Tarleton State
71%
South Carolina State
69%
Arkansas Pine Bluff
67%
Bethune Cookman
67%
Lamar
67%
Presbyterian
67%
Robert Morris
67%
Samford
67%
Bucknell
64%
Davidson
64%
East Tennessee State
64%
Hampton
64%
Lindenwood
64%
Marist
64%
Mississippi Valley State
64%
New Hampshire
64%
Northern Colorado
64%
Southern Illinois
64%
Lafayette
62%
North Carolina A&T
62%
Saint Francis
62%
St. Thomas
62%
Virginia Military Institute
62%
Houston Christian
60%
Mercyhurst
60%
North Alabama
60%
Sacred Heart
60%
Central Connecticut State
58%
Stony Brook
58%
Valparaiso
58%
Charleston Southern
56%
Eastern Kentucky
56%
East Texas A&M
56%
Morgan State
56%
Towson
56%
West Georgia
56%
Merrimack
53%
Tennessee Tech
53%
Texas Southern
53%
Southern Utah
51%
Tennessee Martin
49%
Western Illinois
49%
North Carolina Central
47%
Northwestern State
44%
Southeastern Louisiana
44%
Southeast Missouri State
44%
Western Carolina
44%
Wagner
42%
Stonehill
40%
Utah Tech
40%
UC Davis
38%
New Haven
36%
No matching quizzes found
Score Distribution
Percent of People with Each Score
Percentile by Number Answered
Your Score History
You have not taken this quiz since the last reset